000 00689nam a2200253Ia 4500
001 dia_3263
003 CHAP
005 20230310104536.0
008 220117s1998 xx 000 0 und d
010 _a173758
020 _a970-18-1883-0
040 _cCHAP
082 _a389.6 M3
100 _aMartinez Llebrez, Vicente
_9154416
245 _aFundamentos de Normalización y Metrología /
_c por Vicente Martinez Llebrez
260 _aMéxico :
_b IPN,
_c1998
300 _a539 p.
503 _aC/e
650 _a1.Normalización
_9154417
901 _a389.6 M3
902 _aM
905 _a0000001998 MX X 0000000000SPA00
942 _cLIBRO
_2ddc
999 _c173758
_d173758